ბათუმის შოთა რუსთაველის სახელმწიფო უნივერსიტეტის ბიბლიოთეკა

კრიმინოლოგიური შემეცნების პრობლემები / (ბიბ.ჩანაწერი № 58460)

000 -ლიდერი
ფიქსირებული სიგრძის საკონტროლო ველი 01508nam a22002657a 4500
003 - საკონტროლო ნომრის იდენტიფიკატორი
საკონტროლო ველი Ge_BSU
005 - ბოლო ოპერაციის თარიღი და დრო
საკონტროლო ველი 20220322122750.0
008 - ფიქსირებული სიგრძის მონაცემთა ელემენტები - ზოგადი ინფორმაცია
ფიქსირებული სიგრძის საკონტროლო ველი 220322s2020 ge ||||| |||| 00| 0 geo d
020 ## - წიგნის საერთაშორისო სტანდარტული ნომერი
International Standard Book Number 9789941257339
041 ## - ენის კოდი
Language code of text/sound track or separate title geo
080 ## - უნივერსალური ათობითი კლასიფიკაციის ინდექსი
Universal Decimal Classification number 343.9 თ-67
100 ## - მთავარი ჩანაწერი - პიროვნების სახელი
Personal name თოდრია, გიორგი
9 (RLIN) 2886
245 ## - ცნობა სათაურის შესახებ
Title კრიმინოლოგიური შემეცნების პრობლემები /
Statement of responsibility, etc გიორგი თოდრია; რედ. გოჩა ფერაძე; თინათინ წერეთლის სახელმწიფოსა და სამართლის ინსტიტუტი
264 ## - წარმოების, გამოცემის, დისტრიბუციის და სხვა ცნობები
გამოცემის, წარმოების, დისტრიბუციის... ადგილი თბილისი :
გამოცემის, წარმოების, დისტრიბუციის... სახელწოდება მერიდიანი,
გამოცემის, წარმოების, დისტრიბუციის... თარიღი 2020.
300 ## - ფიზიკური აღწერა
Extent 503 გვ.:
Other physical details სურ.;
Dimensions 21 სმ.
500 ## - ზოგადი შენიშვნა
General note ეძღვნება მეუღლის გაია თოდრიას ხსოვნას
501 ## - შენიშვნა თანმხლებ მასალაზე
With note პარალ. სათ. ინგლ. და რუს. ენ.
504 ## - BIBLIOGRAPHY, ETC. NOTE
Bibliography, etc გ.თოდრიას ნაშრომთა ბიბლიოგრ. გვ.496-503
653 ## - INDEX TERM--UNCONTROLLED
Uncontrolled term კრიმინოლოგია
653 ## - INDEX TERM--UNCONTROLLED
Uncontrolled term სამართალი
700 ## - ADDED ENTRY--PERSONAL NAME
Personal name ფერაძე, გოჩა
Relator term რედაქტორი
9 (RLIN) 4434
710 ## - ADDED ENTRY--CORPORATE NAME
Corporate name or jurisdiction name as entry element თინათინ წერეთლის სახელმწიფოსა და სამართლის ინსტიტუტი
9 (RLIN) 4435
773 ## - HOST ITEM ENTRY
Title ნაჩუქარი
942 ## - ADDED ENTRY ELEMENTS (KOHA)
Source of classification or shelving scheme
Koha item type წიგნი
ეგზემპლარები
ჩამოწერის სტატუსი დაკარგული ეგზემპლარის სტატუსი კლასიფიკაციის წყარო ან თაროზე გაწყობის სქემა დაზიანების სტატუსი არ გაიცემა მუდმივი მდებარეობა (დაცვის ადგილი) ამჟამინდელი ადგილსამყოფელი თაროზე განთავსების ადგილი შეძენის თარიღი ღირებულება, შესყიდვის ნორმალური ფასი სრული შენახვის შიფრი შტრიხკოდი ბოლო ოპერაციის თარიღი ეგზემპლარის მიმდევრობითი ნომერი (კეტერი?) ფასის ძალაში შესვლის თარიღი ეგზემპლარის სახეობა საჯარო შენიშვნა
          ბათუმის შოთა რუსთაველის სახელმწიფო უნივერსიტეტის მთავარი ბიბლიოთეკა ბათუმის შოთა რუსთაველის სახელმწიფო უნივერსიტეტის მთავარი ბიბლიოთეკა წიგნსაცავი 2022-03-22 20.00 343.9 თ-67 62184 2022-03-22 62184 2022-03-22 წიგნი 20 ლ.
          ბათუმის შოთა რუსთაველის სახელმწიფო უნივერსიტეტის მთავარი ბიბლიოთეკა ბათუმის შოთა რუსთაველის სახელმწიფო უნივერსიტეტის მთავარი ბიბლიოთეკა წიგნსაცავი 2022-03-22 20.00 343.9 თ-67 62183 2022-03-22 62183 2022-03-22 წიგნი 20 ლ.